| 000 | 00837nam a22002057a 4500 | ||
|---|---|---|---|
| 003 | 0 | ||
| 005 | 20250116140511.0 | ||
| 008 | 160118b xxu||||| |||| 00| 0 eng d | ||
| 050 |
_aPHS QA 11.2 _b.M433 2015 |
||
| 100 | _aMatibag, Roberto Martin P. | ||
| 245 |
_aThe relationship of the perceived effectiveness of Math levels in SISC and self-efficacy of grade 11 students _cRoberto Martin P. Matibag |
||
| 260 |
_aLas PiƱas, Philippines : _bSouthville International School and Colleges, _c2015. |
||
| 300 |
_aiii, 25 p. : _bill. ; _c28 cm. |
||
| 504 | _aIncludes bibliographical references. | ||
| 650 |
_aMathematics _vEducational effectiveness. |
||
| 650 |
_aMathematics _vStudy and teaching (Secondary). |
||
| 650 |
_aSelf-efficacy _vPsychological aspects. |
||
| 650 |
_aEducation, Secondary _vStudent attitudes. |
||
| 942 |
_2lcc _cPASS |
||
| 999 |
_c290432 _d290432 |
||